The housing sector (Record no. 112899)

MARC details
000 -LEADER
fixed length control field 01023cad a22002175a 4500
001 - CONTROL NUMBER
control field L154244
008 - FIXED-LENGTH DATA ELEMENTS--GENERAL INFORMATION
fixed length control field 111107s2011 xxk f 000 0 eng d
035 ## - SYSTEM CONTROL NUMBER
System control number (Sirsi) u154244
041 0# - LANGUAGE CODE
Language code of text/sound track or separate title eng
050 04 - LIBRARY OF CONGRESS CALL NUMBER
Classification number 640.42094 $2 20
100 1# - MAIN ENTRY--PERSONAL NAME
Personal name Parlasca, Peter
245 04 - TITLE STATEMENT
Title The housing sector
Remainder of title household consumption from a European perspective
Medium [electronic resource]
260 ## - PUBLICATION, DISTRIBUTION, ETC.
Place of publication, distribution, etc. London
Name of publisher, distributor, etc. RICS
-- 2011
520 ## - SUMMARY, ETC.
Summary, etc. Providing a detailed Member State (macro) level overview of consumer spending, with a specific focus on housing related items. This report looks into more detail at the main components that make up housing consumption: owner-occupied expenses, rents, energy consumption and maintenance.
590 ## - LOCAL NOTE (RLIN)
Local note KA
651 #4 - SUBJECT ADDED ENTRY--GEOGRAPHIC NAME
Geographic name Europe
690 ## - LOCAL SUBJECT ADDED ENTRY--TOPICAL TERM (OCLC, RLIN)
Topical term or geographic name as entry element Residential property
9 (RLIN) 6266
710 1# - ADDED ENTRY--CORPORATE NAME
Corporate name or jurisdiction name as entry element Royal Institution of Chartered Surveyors
9 (RLIN) 4900
856 40 - ELECTRONIC LOCATION AND ACCESS
Uniform Resource Identifier <a href="https://www.rics.org/site/download_feed.aspx?fileID=10764&fileExtension=PDF">https://www.rics.org/site/download_feed.aspx?fileID=10764&fileExtension=PDF</a>
Public note View the report online for free (member-only access) at www.rics.org.
942 ## - ADDED ENTRY ELEMENTS (KOHA)
Suppress in OPAC 0
Holdings
Withdrawn status Lost status Source of classification or shelving scheme Damaged status Not for loan Home library Current library Shelving location Date acquired Total Checkouts Full call number Barcode Date last seen Copy number Price effective from Koha item type
    Dewey Decimal Classification     Archives Archives RICS Boxes 07/03/2012   RICS 2011/55 30077320 06/08/2019 1 06/08/2019 Archive
    Dewey Decimal Classification     London London RICS Boxes 07/03/2012   RICS 2011/55 30077312 06/08/2019 1 06/08/2019 Book
    Dewey Decimal Classification     London London RICS Boxes 07/03/2012   RICS 2011/55 30077324 06/08/2019 2 06/08/2019 Book
    Dewey Decimal Classification     Virtual Virtual Books 07/11/2011   ONLINE PUBLICATION 154244-2001 06/08/2019 1 06/08/2019 Book